书目信息 |
| 题名: |
隋炀帝传
|
|
| 作者: | 吴淑娟 编著 | |
| 分册: | ||
| 出版信息: | 北京 煤炭工业出版社 2018 |
|
| 页数: | 316页 | |
| 开本: | 24cm | |
| 丛书名: | ||
| 单 册: | ||
| 中图分类: | K827=41 | |
| 科图分类: | ||
| 主题词: | 皇帝--传记--中国--隋代 | |
| 电子资源: | ||
| ISBN: | 978-7-5020-6192-0 | |
| 000 | 01334nam0 2200253 450 | |
| 001 | 012001001270 | |
| 005 | 20140921103355.0 | |
| 010 | @a978-7-5020-6192-0@dCNY39.80 | |
| 100 | @a20180513d2018 em y0chiy50 ea | |
| 101 | 0 | @achi |
| 102 | @aCN@b110000 | |
| 105 | @aa z 000yb | |
| 106 | @ar | |
| 200 | 1 | @a隋炀帝传@9sui yang di zhuan@f吴淑娟编著 |
| 210 | @a北京@c煤炭工业出版社@d2018 | |
| 215 | @a316页@c图@d24cm | |
| 300 | @a中国著名帝王 全新彩图版 | |
| 330 | @a隋炀帝杨广是中国古代隋王朝的第二代皇帝,公元604年至618年在位,年号“大业”,统治中国十四年。杨广是一个亡国之君,炀帝是他死后唐朝给他的谥号。隋炀帝是暴君,大业之政是暴政的定性没有错,但隋炀帝才华横溢,颇具魅力,功业伟大,是杰出的地主阶级政治家的评价也没有错,二者并不矛盾。暴君不一定就没有功业,大可不必先将隋炀帝说得一无是处,然后戴上暴君的帽子,相反,我们倒是要深刻认识历史上欲成大业者却翻车而为暴君的事实。隋炀帝不是无所作为的庸君,也不是只顾淫乐的昏君,他文韬武略,矜夸好大,志包宇宙,功业厥伟,主观上他想成为子孙万代莫能窥的圣君。但他迷信权力,不恤百姓,为建立个人功业不顾一切,而越是有才干,越是具备大英雄的资质就越能搅动天下,成为大暴君。 | |
| 600 | 0 | @a隋炀帝@f(569-618)@x传记 |
| 606 | 0 | @a皇帝@x传记@y中国@z隋代 |
| 690 | @aK827=41@v5 | |
| 701 | 0 | @a吴淑娟@9wu shu juan@4编著 |
| 801 | 0 | @aCN@b上海新华@c20180901 |
| 905 | @b1151732-6@dK827=41@e764@f5 | |
| 隋炀帝传/吴淑娟编著.-北京:煤炭工业出版社,2018 |
| 316页:图;24cm |
| 中国著名帝王 全新彩图版 |
| ISBN 978-7-5020-6192-0:CNY39.80 |
| 隋炀帝杨广是中国古代隋王朝的第二代皇帝,公元604年至618年在位,年号“大业”,统治中国十四年。杨广是一个亡国之君,炀帝是他死后唐朝给他的谥号。隋炀帝是暴君,大业之政是暴政的定性没有错,但隋炀帝才华横溢,颇具魅力,功业伟大,是杰出的地主阶级政治家的评价也没有错,二者并不矛盾。暴君不一定就没有功业,大可不必先将隋炀帝说得一无是处,然后戴上暴君的帽子,相反,我们倒是要深刻认识历史上欲成大业者却翻车而为暴君的事实。隋炀帝不是无所作为的庸君,也不是只顾淫乐的昏君,他文韬武略,矜夸好大,志包宇宙,功业厥伟,主观上他想成为子孙万代莫能窥的圣君。但他迷信权力,不恤百姓,为建立个人功业不顾一切,而越是有才干,越是具备大英雄的资质就越能搅动天下,成为大暴君。 |
| ● |
| 相关链接 |
|
|
|
|
正题名:隋炀帝传
索取号:K827=41/764
 
预约/预借
| 序号 | 登录号 | 条形码 | 馆藏地/架位号 | 状态 | 备注 |
| 1 | 1151732 | 211517321 | 第二样本阅览室/ [索取号:K827=41/764] | 在馆 | |
| 2 | 1151733 | 211517330 | 第二借阅区/ [索取号:K827=41/764] | 在馆 | |
| 3 | 1151734 | 211517349 | 第二借阅区/ [索取号:K827=41/764] | 在馆 | |
| 4 | 1151735 | 211517358 | 第二借阅区/ [索取号:K827=41/764] | 在馆 | |
| 5 | 1151736 | 211517367 | 密集书库-史法系/ [索取号:K827=41/764] | 在馆 |